000
00285nam a22001337a 4500
008
180926b xxu||||| |||| 00| 0 eng d
020
_a
9781413018882
041
_a
eng
080
_2
4th
_a
370
100
_a
25
101
_a
EDU
245
_a
Puentes
_c
Marinelli,P.J
942
_2
udc
_c
BK
999
_c
48470
_d
48470